000 00500nam a22001937a 4500
003 OSt
005 20160303125201.0
008 151119b xxu||||| |||| 00| 0 eng d
020 _a0727912208
040 _cDLMN.
082 _aWM553 R259a 2000
100 _aEdited by Davies,Teifion;Craig,TKJ;
_96222
245 _aABC of Mental Health.
260 _aLondon;
_bBMJ,
_c2000
300 _axii,82p;
_bcol,ill;
_c30cm
505 _aincludes index.
650 _aMental Health.
_93237
942 _2z
_cSLOAN
999 _c2620
_d2620